| 000 | 01020nam a22002537a 4500 | ||
|---|---|---|---|
| 999 |
_c176104 _d176104 |
||
| 005 | 20201109124836.0 | ||
| 010 | _aENG-127555-57 | ||
| 020 |
_c399.00 _a9789386473820 (1v.) |
||
| 020 |
_c399.00 _a9789386473837(v2) |
||
| 020 |
_c399.00 _a9789386473851(v3) |
||
| 035 | _aEN-111087 | ||
| 037 | _bDBAD/PUB | ||
| 082 | _a822 | ||
| 245 |
_aThe history of ideas/ programme of new plays _cedited by Vijay Padaki |
||
| 246 | _aFour classics on indian stage | ||
| 246 | _aChildren's theatre programme of new plays | ||
| 260 |
_aNew Delhi _bVitasta _c2020 |
||
| 270 |
_a2/15,Ansari Road _bDarya Ganj _e110002 |
||
| 300 |
_a 3vol,409p.; 384p.;364p.) _c21cm(pbk) |
||
| 505 | _avol-1-The toy cart of clay,The Anklet,Kurukshetra burining,the Echo---vol-2-The Prophet and the Poet,Tiger!TigerFinding Ananda,Monsters in the dark,Einstein's dreams---vol-3-The ungrateful man,the magic drum,Ali Oh Baba,The court Jester. | ||
| 600 | _dEnglish Play | ||
| 700 | _aPadaki,Vijay | ||
| 942 |
_2ddc _cEN _mFOU _h882 |
||